| 000 | 00626nam a2200193Ia 4500 | ||
|---|---|---|---|
| 003 | GCL | ||
| 008 | 140319s9999 xx 000 0 ara d | ||
| 020 | _a7035339977 | ||
| 040 |
_aGCL / _cGCL |
||
| 082 | 0 | 4 |
_a811.082 _bا ل |
| 100 | 1 | _aاحمد تاج الدين | |
| 245 | 1 | 0 |
_aنزار قبانى والشعر السياسي / _cاحمد تاج الدين |
| 250 | _aالاولى | ||
| 260 |
_aالقاهرة : _bالدار الثقافية للنشر ، _c2001 |
||
| 300 |
_a191 ص ؛ _c24 سم |
||
| 650 | 0 | 4 | _aالشعر العربى |
| 650 | 0 | 4 | _aالشعرالعربى - دواوين وقصائد |
| 942 |
_2ddc _cBK |
||
| 999 |
_c5140 _d5140 |
||